000 00369nam a2200145Ia 4500
008 090124s9999 xx 000 0 und d
082 _b301994
245 _a हत्यारा
250 _a1
260 _bशिरवळकर सुहास
_c1988
300 _a163
630 _a हत्यारा
730 _a हत्यारा
942 _cBOOK
999 _c191596
_d191596